| 000 | 00879nam a2200229Ia 4500 | ||
|---|---|---|---|
| 003 | GCL | ||
| 008 | 140319s9999 xx 000 0 ara d | ||
| 040 |
_aGCL / _cGCL |
||
| 082 | 0 | 4 |
_a229.5 _bك ت |
| 100 | 1 | _aعبدالمعطى امين قلعجى | |
| 245 | 1 | 0 |
_aتهذيب قصص الانبياء / _cعبدالمعطى امين قلعجى |
| 700 | 1 | _aابن كثير القرشى : عماد الدين ابوالفداء اسماعيل بن عمر بن كثير بن ضوء البصرى الدمشقى | |
| 250 | _aالاولى | ||
| 260 |
_aالرياض : _bدار عالم الكتب للنشر والتوزيع ، _c1995 |
||
| 300 |
_a392 ص ؛ _c24 سم |
||
| 650 | 0 | 4 | _aالانبياء |
| 650 | 0 | 4 | _aقصص الانبياء |
| 650 | 0 | 4 | _aالانبياء فى القرأن |
| 650 | 0 | 4 | _aالرسل |
| 650 | 0 | 4 | _aالقصص القرآنية |
| 942 |
_2ddc _cBK |
||
| 999 |
_c41876 _d41876 |
||